=LDR 00000nam 2200000 4500 =001 INLIS000000001052947 =005 20241014093657 =035 ##$$a 0010-1024000106 =007 ta =008 241014################g##########0#ind## =020 ##$$a 978-602-376-750-2 =082 ##$$a 615.7 =084 ##$$a 615.7 YAY f =100 #$$a Yaya Sulthon Aziz =245 1#$$a Fitofarmasetika /$c Yaya Sulthon Aziz, dkk =250 ##$$a Cet. 1 =260 ##$$a Yogyakarta :$b Pustakabarupress,$c 2023 =300 ##$$a vi, 170 hlm ; $c 15,5 cm =650 #4$$a Fitofarmasetika =990 ##$$a 11501150